[Event "Weekender - Expert"]
[Site "Enniscrone, Sligo, IE"]
[Date "2026.01.31"]
[Round "2"]
[White "Cummins, Sean"]
[Black "McGrady, Seth"]
[Result "1/2-1/2"]
[Board "6"]
[WhiteFideId "2512084"]
[BlackFideId "2532956"]
[WhiteElo "1862"]
[BlackElo "1780"]
[WhiteTeam "IRL"]
[BlackTeam "IRL"]
[WhiteClock "0:01:28"]
[BlackClock "0:17:14"]
[Variant "Standard"]

1. e4 {[%clk 1:30:51]}  c6 {[%clk 1:30:55]} 2. d4 {[%clk 1:31:07]}  d5 {[%clk 1:31:22]} 3. e5 {[%clk 1:31:21]}  c5 {[%clk 1:31:43]} 4. dxc5 {[%clk 1:31:38]}  Nc6 {[%clk 1:32:02]} 5. Nf3 {[%clk 1:31:37]}  Bg4 {[%clk 1:32:03]} 6. c3 {[%clk 1:31:11]}  Bxf3 {[%clk 1:32:13]} 7. Qxf3 {[%clk 1:31:19]}  e6 {[%clk 1:32:36]} 8. Be3 {[%clk 1:29:24]}  Nge7 {[%clk 1:30:14]} 9. Bb5 {[%clk 1:23:12]}  Nf5 {[%clk 1:29:51]} 10. O-O {[%clk 1:18:24]}  Be7 {[%clk 1:28:21]} 11. b4 {[%clk 1:14:16]}  O-O {[%clk 1:27:06]} 12. Bxc6 {[%clk 1:07:10]}  bxc6 {[%clk 1:24:12]} 13. g4 {[%clk 1:00:30]}  Nh4 {[%clk 1:22:08]} 14. Qg3 {[%clk 0:56:27]}  f5 {[%clk 1:17:28]} 15. f4 {[%clk 0:50:17]}  fxg4 {[%clk 1:09:28]} 16. Qxg4 {[%clk 0:49:53]}  Nf5 {[%clk 1:09:29]} 17. Bf2 {[%clk 0:47:39]}  a5 {[%clk 1:07:55]} 18. Nd2 {[%clk 0:45:31]}  axb4 {[%clk 1:06:19]} 19. cxb4 {[%clk 0:45:28]}  Ra3 {[%clk 1:04:50]} 20. Nb3 {[%clk 0:38:01]}  Qe8 {[%clk 1:00:49]} 21. Nd4 {[%clk 0:32:20]}  h5 {[%clk 0:59:12]} 22. Qg2 {[%clk 0:31:57]}  Bd8 {[%clk 0:51:46]} 23. Nc2 {[%clk 0:24:15]}  Rc3 {[%clk 0:49:27]} 24. Be1 {[%clk 0:17:44]}  Rc4 {[%clk 0:32:20]} 25. Rd1 {[%clk 0:12:08]}  Bh4 {[%clk 0:30:14]} 26. Bg3 {[%clk 0:05:12]}  Qg6 {[%clk 0:29:07]} 27. Bxh4 {[%clk 0:03:28]}  Qxg2+ {[%clk 0:28:45]} 28. Kxg2 {[%clk 0:03:53]}  Rxc2+ {[%clk 0:27:46]} 29. Kh3 {[%clk 0:03:08]}  Nxh4 {[%clk 0:27:03]} 30. Kxh4 {[%clk 0:03:29]}  Rxh2+ {[%clk 0:27:28]} 31. Kg3 {[%clk 0:03:30]}  Rxa2 {[%clk 0:27:44]} 32. Ra1 {[%clk 0:03:37]}  Rfa8 {[%clk 0:27:15]} 33. Rxa2 {[%clk 0:03:43]}  Rxa2 {[%clk 0:27:41]} 34. Rb1 {[%clk 0:04:04]}  Kf7 {[%clk 0:26:42]} 35. b5 {[%clk 0:04:22]}  cxb5 {[%clk 0:26:46]} 36. Rxb5 {[%clk 0:04:47]}  Rc2 {[%clk 0:26:45]} 37. Rb7+ {[%clk 0:04:51]}  Kg6 {[%clk 0:26:44]} 38. Re7 {[%clk 0:02:28]}  Rxc5 {[%clk 0:24:39]} 39. Rxe6+ {[%clk 0:02:44]}  Kf5 {[%clk 0:24:46]} 40. Re7 {[%clk 0:02:48]}  Rc3+ {[%clk 0:24:24]} 41. Kf2 {[%clk 0:03:07]}  Kxf4 {[%clk 0:24:07]} 42. Rxg7 {[%clk 0:03:30]}  Rc2+ {[%clk 0:24:03]} 43. Kf1 {[%clk 0:03:07]}  Kxe5 {[%clk 0:24:18]} 44. Rg5+ {[%clk 0:03:29]}  Ke4 {[%clk 0:23:50]} 45. Rxh5 {[%clk 0:03:41]}  d4 {[%clk 0:24:05]} 46. Ke1 {[%clk 0:03:43]}  Kd3 {[%clk 0:23:29]} 47. Rh3+ {[%clk 0:04:03]}  Kc4 {[%clk 0:23:46]} 48. Kd1 {[%clk 0:03:56]}  Rg2 {[%clk 0:22:42]} 49. Ra3 {[%clk 0:01:16]}  d3 {[%clk 0:20:33]} 50. Ra4+ {[%clk 0:01:27]}  Kc3 {[%clk 0:20:32]} 51. Ra3+ {[%clk 0:01:52]}  Kd4 {[%clk 0:20:57]} 52. Ra8 {[%clk 0:01:28]}  d2 {[%clk 0:17:14]} 1/2-1/2

[Event "Weekender - Expert"]
[Site "Enniscrone, Sligo, IE"]
[Date "2026.01.31"]
[Round "2"]
[White "Khanzharov, Edward"]
[Black "Mc Aleenan, Charles"]
[Result "1/2-1/2"]
[Board "7"]
[WhiteFideId "2511975"]
[BlackFideId "2461617"]
[WhiteElo "1817"]
[BlackElo "1859"]
[WhiteTeam "IRL"]
[BlackTeam "SCO"]
[WhiteClock "0:07:11"]
[BlackClock "0:11:53"]
[Variant "Standard"]

1. e4 {[%clk 1:30:48]}  d6 {[%clk 1:30:46]} 2. d4 {[%clk 1:31:12]}  Nf6 {[%clk 1:30:27]} 3. Nc3 {[%clk 1:31:31]}  e5 {[%clk 1:30:40]} 4. dxe5 {[%clk 1:30:15]}  dxe5 {[%clk 1:30:59]} 5. Qxd8+ {[%clk 1:30:41]}  Kxd8 {[%clk 1:31:20]} 6. Bg5 {[%clk 1:28:44]}  Be6 {[%clk 1:30:25]} 7. O-O-O+ {[%clk 1:27:59]}  Nbd7 {[%clk 1:30:12]} 8. f4 {[%clk 1:25:20]}  exf4 {[%clk 1:29:11]} 9. Bxf4 {[%clk 1:20:29]}  Bc5 {[%clk 1:24:43]} 10. h3 {[%clk 1:16:19]}  Kc8 {[%clk 1:18:07]} 11. g4 {[%clk 1:15:19]}  Nb6 {[%clk 1:13:23]} 12. Bg2 {[%clk 1:13:20]}  Rd8 {[%clk 1:07:41]} 13. Nge2 {[%clk 1:07:05]}  c6 {[%clk 1:01:01]} 14. b3 {[%clk 1:01:50]}  a5 {[%clk 0:55:12]} 15. a4 {[%clk 0:57:58]}  h6 {[%clk 0:51:55]} 16. Rhf1 {[%clk 0:48:47]}  Rd7 {[%clk 0:47:33]} 17. Bg3 {[%clk 0:40:57]}  Kd8 {[%clk 0:43:54]} 18. Bh4 {[%clk 0:34:39]}  Rxd1+ {[%clk 0:39:57]} 19. Rxd1+ {[%clk 0:34:29]}  Ke8 {[%clk 0:40:10]} 20. Kb1 {[%clk 0:27:40]}  g5 {[%clk 0:37:11]} 21. Bg3 {[%clk 0:27:37]}  Rd8 {[%clk 0:36:35]} 22. Rf1 {[%clk 0:26:10]}  Ke7 {[%clk 0:31:02]} 23. Be5 {[%clk 0:23:01]}  Nbd7 {[%clk 0:31:01]} 24. Bc7 {[%clk 0:21:48]}  Rc8 {[%clk 0:29:38]} 25. Bh2 {[%clk 0:21:51]}  Bb4 {[%clk 0:23:18]} 26. Kb2 {[%clk 0:21:29]}  Ne8 {[%clk 0:21:03]} 27. Nd4 {[%clk 0:19:42]}  Bd6 {[%clk 0:18:50]} 28. Nf5+ {[%clk 0:15:19]}  Bxf5 {[%clk 0:19:04]} 29. Bxd6+ {[%clk 0:15:44]}  Nxd6 {[%clk 0:18:42]} 30. exf5 {[%clk 0:15:32]}  Nf6 {[%clk 0:16:45]} 31. Re1+ {[%clk 0:15:15]}  Kd7 {[%clk 0:16:21]} 32. Rd1 {[%clk 0:11:18]}  Re8 {[%clk 0:15:53]} 33. Rd3 {[%clk 0:11:28]}  Kc7 {[%clk 0:14:47]} 34. Rd2 {[%clk 0:09:46]}  Kd7 {[%clk 0:12:57]} 35. Ka3 {[%clk 0:08:56]}  Kc7 {[%clk 0:11:53]} 36. Kb2 {[%clk 0:07:11]} 1/2-1/2

[Event "Weekender - Expert"]
[Site "Enniscrone, Sligo, IE"]
[Date "2026.01.31"]
[Round "2"]
[White "Kurochkin, Iaromir"]
[Black "Melling, Jonathon"]
[Result "0-1"]
[Board "8"]
[WhiteFideId "2516969"]
[BlackFideId "841790"]
[WhiteElo "1778"]
[BlackElo "1871"]
[WhiteTeam "IRL"]
[BlackTeam "IRL"]
[WhiteClock "0:03:18"]
[BlackClock "0:08:59"]
[Variant "Standard"]

1. e4 {[%clk 1:30:15]}  c6 {[%clk 1:30:55]} 2. d4 {[%clk 1:30:39]}  d5 {[%clk 1:31:22]} 3. e5 {[%clk 1:31:06]}  c5 {[%clk 1:31:46]} 4. c3 {[%clk 1:31:30]}  Nc6 {[%clk 1:32:08]} 5. Bb5 {[%clk 1:30:56]}  a6 {[%clk 1:32:24]} 6. Bxc6+ {[%clk 1:31:10]}  bxc6 {[%clk 1:32:48]} 7. h3 {[%clk 1:29:27]}  cxd4 {[%clk 1:31:48]} 8. cxd4 {[%clk 1:28:41]}  Bf5 {[%clk 1:31:20]} 9. Nc3 {[%clk 1:27:28]}  e6 {[%clk 1:28:00]} 10. Nf3 {[%clk 1:24:50]}  h6 {[%clk 1:27:49]} 11. O-O {[%clk 1:24:38]}  Ne7 {[%clk 1:26:18]} 12. b3 {[%clk 1:15:13]}  Nc8 {[%clk 1:26:38]} 13. Na4 {[%clk 1:13:58]}  Be7 {[%clk 1:25:29]} 14. Bb2 {[%clk 1:01:07]}  Nb6 {[%clk 1:23:18]} 15. Nxb6 {[%clk 1:01:00]}  Qxb6 {[%clk 1:23:42]} 16. Qe2 {[%clk 0:57:58]}  c5 {[%clk 1:23:32]} 17. Rfc1 {[%clk 0:55:48]}  cxd4 {[%clk 1:22:01]} 18. Nxd4 {[%clk 0:53:51]}  Bg6 {[%clk 1:04:30]} 19. Rc6 {[%clk 0:49:40]}  Qa5 {[%clk 1:03:50]} 20. Qg4 {[%clk 0:26:27]}  h5 {[%clk 0:55:45]} 21. Qg3 {[%clk 0:23:20]}  Qd2 {[%clk 0:46:12]} 22. Qc3 {[%clk 0:16:01]}  Qxc3 {[%clk 0:45:42]} 23. Rxc3 {[%clk 0:15:01]}  O-O {[%clk 0:45:09]} 24. Rc7 {[%clk 0:11:27]}  Bg5 {[%clk 0:41:06]} 25. Bc1 {[%clk 0:11:28]}  Bd8 {[%clk 0:41:29]} 26. Rc6 {[%clk 0:11:26]}  Be7 {[%clk 0:39:36]} 27. Rc7 {[%clk 0:09:24]}  Bd8 {[%clk 0:33:18]} 28. Rc6 {[%clk 0:09:28]}  Re8 {[%clk 0:33:42]} 29. Be3 {[%clk 0:08:32]}  Be7 {[%clk 0:33:37]} 30. Rac1 {[%clk 0:08:29]}  Ba3 {[%clk 0:33:33]} 31. R1c3 {[%clk 0:08:30]}  Bb1 {[%clk 0:32:01]} 32. Bc1 {[%clk 0:07:05]}  Bb4 {[%clk 0:28:06]} 33. Re3 {[%clk 0:06:22]}  Bxa2 {[%clk 0:25:14]} 34. Nc2 {[%clk 0:06:15]}  Be7 {[%clk 0:23:24]} 35. Ba3 {[%clk 0:03:43]}  Bxa3 {[%clk 0:22:50]} 36. Nxa3 {[%clk 0:04:11]}  Reb8 {[%clk 0:23:10]} 37. Nc2 {[%clk 0:00:51]}  Bxb3 {[%clk 0:23:12]} 38. Nd4 {[%clk 0:01:08]}  Bc4 {[%clk 0:23:26]} 39. Rc7 {[%clk 0:01:11]}  Rc8 {[%clk 0:16:32]} 40. Rb7 {[%clk 0:01:08]}  Rab8 {[%clk 0:16:44]} 41. Ra7 {[%clk 0:01:22]}  Rb1+ {[%clk 0:16:21]} 42. Kh2 {[%clk 0:01:51]}  Rcb8 {[%clk 0:15:43]} 43. Nc6 {[%clk 0:00:50]}  R1b7 {[%clk 0:14:39]} 44. Rxb7 {[%clk 0:00:44]}  Rxb7 {[%clk 0:15:02]} 45. Na5 {[%clk 0:01:42]}  Rc7 {[%clk 0:14:14]} 46. Rc3 {[%clk 0:01:25]}  Kf8 {[%clk 0:11:49]} 47. Kg3 {[%clk 0:01:16]}  Ke7 {[%clk 0:12:01]} 48. f4 {[%clk 0:00:45]}  g6 {[%clk 0:12:07]} 49. Nxc4 {[%clk 0:00:35]}  Rxc4 {[%clk 0:09:27]} 50. Ra3 {[%clk 0:01:04]}  Rc6 {[%clk 0:09:43]} 51. Kf3 {[%clk 0:01:27]}  Kd7 {[%clk 0:09:50]} 52. Ke3 {[%clk 0:01:24]}  Kc7 {[%clk 0:10:15]} 53. g4 {[%clk 0:01:33]}  hxg4 {[%clk 0:10:30]} 54. hxg4 {[%clk 0:02:01]}  Kb7 {[%clk 0:10:20]} 55. f5 {[%clk 0:02:11]}  gxf5 {[%clk 0:10:32]} 56. gxf5 {[%clk 0:02:40]}  Rc4 {[%clk 0:08:58]} 57. fxe6 {[%clk 0:02:51]}  fxe6 {[%clk 0:09:18]} 58. Kd3 {[%clk 0:01:19]}  Re4 {[%clk 0:09:28]} 59. Rb3+ {[%clk 0:01:46]}  Ka7 {[%clk 0:09:11]} 60. Ra3 {[%clk 0:01:32]}  Rxe5 {[%clk 0:09:36]} 61. Kd4 {[%clk 0:01:58]}  Re4+ {[%clk 0:09:33]} 62. Kc5 {[%clk 0:02:15]}  Kb7 {[%clk 0:09:22]} 63. Rf3 {[%clk 0:00:40]}  Rc4+ {[%clk 0:08:59]} 64. Kd6 {[%clk 0:01:08]}  Rc6+ {[%clk 0:08:34]} 65. Kd7 {[%clk 0:01:20]}  Rb6 {[%clk 0:07:14]} 66. Rc3 {[%clk 0:01:42]}  a5 {[%clk 0:07:31]} 67. Rc5 {[%clk 0:01:55]}  Ka6 {[%clk 0:07:52]} 68. Kc7 {[%clk 0:01:36]}  a4 {[%clk 0:07:55]} 69. Rc2 {[%clk 0:02:00]}  Ka5 {[%clk 0:08:16]} 70. Rc5+ {[%clk 0:02:19]}  Rb5 {[%clk 0:08:28]} 71. Rc6 {[%clk 0:02:31]}  e5 {[%clk 0:08:14]} 72. Rg6 {[%clk 0:02:11]}  d4 {[%clk 0:08:27]} 73. Rg3 {[%clk 0:02:36]}  Rb3 {[%clk 0:08:29]} 74. Rg5 {[%clk 0:02:56]}  Re3 {[%clk 0:08:53]} 75. Rg1 {[%clk 0:03:03]}  Kb4 {[%clk 0:08:59]} 76. Kb6 {[%clk 0:03:18]} 0-1

[Event "Weekender - Expert"]
[Site "Enniscrone, Sligo, IE"]
[Date "2026.01.31"]
[Round "2"]
[White "Putar, Slavko"]
[Black "McDonnell, Odhran"]
[Result "1/2-1/2"]
[Board "9"]
[WhiteFideId "14557517"]
[BlackFideId "2507463"]
[WhiteElo "1803"]
[BlackElo "1852"]
[WhiteTeam "IRL"]
[BlackTeam "IRL"]
[WhiteClock "0:47:19"]
[BlackClock "0:01:42"]
[Variant "Standard"]

1. d4 {[%clk 1:30:43]}  Nf6 {[%clk 1:30:57]} 2. c4 {[%clk 1:31:01]}  e6 {[%clk 1:31:23]} 3. Nf3 {[%clk 1:31:00]}  b6 {[%clk 1:31:50]} 4. g3 {[%clk 1:30:16]}  Bb7 {[%clk 1:32:00]} 5. Bg2 {[%clk 1:30:29]}  Be7 {[%clk 1:31:35]} 6. O-O {[%clk 1:30:39]}  O-O {[%clk 1:32:01]} 7. Nc3 {[%clk 1:30:17]}  Ne4 {[%clk 1:26:30]} 8. Qc2 {[%clk 1:28:47]}  Nxc3 {[%clk 1:25:04]} 9. Qxc3 {[%clk 1:28:55]}  d6 {[%clk 1:23:53]} 10. b4 {[%clk 1:25:52]}  Nd7 {[%clk 1:18:13]} 11. Rd1 {[%clk 1:23:50]}  Bf6 {[%clk 1:01:09]} 12. Bb2 {[%clk 1:21:21]}  Qe7 {[%clk 0:56:47]} 13. Qb3 {[%clk 1:18:16]}  c5 {[%clk 0:52:26]} 14. a3 {[%clk 1:15:15]}  Rfd8 {[%clk 0:50:02]} 15. Rac1 {[%clk 1:11:00]}  d5 {[%clk 0:44:27]} 16. dxc5 {[%clk 1:08:05]}  Bxb2 {[%clk 0:37:20]} 17. Qxb2 {[%clk 1:08:11]}  bxc5 {[%clk 0:35:14]} 18. Ne5 {[%clk 1:05:36]}  Nxe5 {[%clk 0:23:37]} 19. Qxe5 {[%clk 1:05:33]}  dxc4 {[%clk 0:22:53]} 20. Bxb7 {[%clk 1:04:33]}  Qxb7 {[%clk 0:23:20]} 21. Rxd8+ {[%clk 1:03:51]}  Rxd8 {[%clk 0:23:46]} 22. Qxc5 {[%clk 1:03:25]}  Rc8 {[%clk 0:23:10]} 23. Qd4 {[%clk 1:02:23]}  Qc7 {[%clk 0:22:51]} 24. Rc3 {[%clk 1:02:05]}  a6 {[%clk 0:22:03]} 25. a4 {[%clk 1:01:53]}  Qc6 {[%clk 0:20:45]} 26. e4 {[%clk 1:01:21]}  h6 {[%clk 0:20:26]} 27. h4 {[%clk 1:01:04]}  Qxa4 {[%clk 0:11:54]} 28. Rxc4 {[%clk 1:01:00]}  Rxc4 {[%clk 0:09:40]} 29. Qxc4 {[%clk 1:01:21]}  a5 {[%clk 0:03:37]} 30. Qc8+ {[%clk 1:00:41]}  Kh7 {[%clk 0:04:02]} 31. bxa5 {[%clk 1:00:57]}  Qxa5 {[%clk 0:04:06]} 32. Qb7 {[%clk 1:00:39]}  Qa1+ {[%clk 0:02:55]} 33. Kg2 {[%clk 0:59:35]}  Qf6 {[%clk 0:02:38]} 34. f4 {[%clk 0:55:35]}  h5 {[%clk 0:01:40]} 35. Qb5 {[%clk 0:53:16]}  g6 {[%clk 0:01:42]} 36. Qg5 {[%clk 0:47:19]} 1/2-1/2

[Event "Weekender - Expert"]
[Site "Enniscrone, Sligo, IE"]
[Date "2026.01.31"]
[Round "2"]
[White "D`arcy, Elian"]
[Black "Webb, Nick"]
[Result "0-1"]
[Board "10"]
[WhiteFideId "2517043"]
[BlackFideId "2517302"]
[WhiteElo "1794"]
[BlackElo "1876"]
[WhiteTeam "IRL"]
[BlackTeam "IRL"]
[WhiteClock "0:02:05"]
[BlackClock "0:47:01"]
[Variant "Standard"]

1. e4 {[%clk 1:24:08]}  c5 {[%clk 1:30:53]} 2. Nf3 {[%clk 1:23:05]}  e6 {[%clk 1:31:16]} 3. c4 {[%clk 1:22:40]}  Nc6 {[%clk 1:30:22]} 4. d4 {[%clk 1:23:02]}  cxd4 {[%clk 1:30:11]} 5. Nxd4 {[%clk 1:23:21]}  Nf6 {[%clk 1:29:59]} 6. Nc3 {[%clk 1:19:27]}  Bb4 {[%clk 1:29:40]} 7. Qd3 {[%clk 1:14:43]}  O-O {[%clk 1:24:33]} 8. Be2 {[%clk 1:01:50]}  d5 {[%clk 1:23:31]} 9. Nxc6 {[%clk 0:55:51]}  bxc6 {[%clk 1:23:35]} 10. e5 {[%clk 0:46:19]}  Ne4 {[%clk 1:21:40]} 11. cxd5 {[%clk 0:44:48]}  cxd5 {[%clk 1:21:24]} 12. O-O {[%clk 0:43:10]}  Nxc3 {[%clk 1:19:59]} 13. bxc3 {[%clk 0:43:31]}  Bc5 {[%clk 1:19:26]} 14. Qg3 {[%clk 0:40:15]}  Qc7 {[%clk 1:12:21]} 15. Bf4 {[%clk 0:36:39]}  a5 {[%clk 1:11:27]} 16. Rfe1 {[%clk 0:28:46]}  Ba6 {[%clk 1:10:33]} 17. a4 {[%clk 0:23:53]}  Bxe2 {[%clk 1:07:44]} 18. Rxe2 {[%clk 0:24:14]}  Rab8 {[%clk 1:07:36]} 19. h4 {[%clk 0:23:59]}  Rb3 {[%clk 1:07:03]} 20. h5 {[%clk 0:15:56]}  Rxc3 {[%clk 1:04:49]} 21. Qg4 {[%clk 0:13:40]}  Rc4 {[%clk 1:04:02]} 22. Qg3 {[%clk 0:14:01]}  Qd7 {[%clk 0:52:59]} 23. h6 {[%clk 0:11:41]}  g6 {[%clk 0:53:00]} 24. Rc1 {[%clk 0:03:59]}  Qxa4 {[%clk 0:48:08]} 25. Rxc4 {[%clk 0:01:55]}  Qxc4 {[%clk 0:48:12]} 26. Rd2 {[%clk 0:02:05]}  Rb8 {[%clk 0:47:01]} 0-1

[Event "Weekender - Expert"]
[Site "Enniscrone, Sligo, IE"]
[Date "2026.01.31"]
[Round "2"]
[White "De Graaf, Arnoud"]
[Black "Thomas Boby, Aiden"]
[Result "1/2-1/2"]
[Board "11"]
[WhiteFideId "1017918"]
[BlackFideId "2535688"]
[WhiteElo "1872"]
[BlackElo "1797"]
[WhiteTeam "NED"]
[BlackTeam "IRL"]
[WhiteClock "0:34:54"]
[BlackClock "0:20:46"]
[Variant "Standard"]

1. Nf3 {[%clk 1:30:11]}  Nf6 {[%clk 1:30:32]} 2. c4 {[%clk 1:30:11]}  e6 {[%clk 1:30:26]} 3. d4 {[%clk 1:30:12]}  d5 {[%clk 1:30:46]} 4. g3 {[%clk 1:30:32]}  Bb4+ {[%clk 1:30:53]} 5. Bd2 {[%clk 1:30:53]}  Be7 {[%clk 1:30:46]} 6. Bg2 {[%clk 1:31:09]}  O-O {[%clk 1:30:53]} 7. Qc2 {[%clk 1:28:12]}  dxc4 {[%clk 1:27:28]} 8. Qxc4 {[%clk 1:28:28]}  a6 {[%clk 1:25:26]} 9. O-O {[%clk 1:25:55]}  b5 {[%clk 1:25:02]} 10. Qc2 {[%clk 1:24:45]}  Bb7 {[%clk 1:25:02]} 11. Bf4 {[%clk 1:24:57]}  Bd6 {[%clk 1:21:13]} 12. Bg5 {[%clk 1:22:42]}  Nbd7 {[%clk 1:19:55]} 13. Nbd2 {[%clk 1:22:04]}  h6 {[%clk 1:15:59]} 14. Bxf6 {[%clk 1:22:12]}  Qxf6 {[%clk 1:12:46]} 15. e4 {[%clk 1:22:09]}  e5 {[%clk 1:12:44]} 16. Nb3 {[%clk 1:17:21]}  Rab8 {[%clk 1:04:19]} 17. Rac1 {[%clk 1:15:00]}  Rfe8 {[%clk 1:02:50]} 18. Rfd1 {[%clk 1:14:05]}  Qe7 {[%clk 1:02:01]} 19. Na5 {[%clk 1:12:04]}  c5 {[%clk 0:56:01]} 20. Nxb7 {[%clk 1:10:50]}  Rxb7 {[%clk 0:56:19]} 21. d5 {[%clk 1:10:28]}  Rc7 {[%clk 0:55:22]} 22. Qd2 {[%clk 1:10:51]}  b4 {[%clk 0:54:49]} 23. Nh4 {[%clk 1:08:46]}  Nf6 {[%clk 0:53:35]} 24. Nf5 {[%clk 1:10:42]}  Qd8 {[%clk 0:53:21]} 25. Nxd6 {[%clk 1:10:09]}  Qxd6 {[%clk 0:53:34]} 26. Qe2 {[%clk 1:05:56]}  Nd7 {[%clk 0:51:40]} 27. Bh3 {[%clk 1:05:13]}  Nf8 {[%clk 0:49:52]} 28. b3 {[%clk 1:04:34]}  Rd8 {[%clk 0:49:02]} 29. Rc2 {[%clk 1:04:51]}  Rb8 {[%clk 0:46:55]} 30. Rdc1 {[%clk 1:04:47]}  Ng6 {[%clk 0:47:01]} 31. Bf1 {[%clk 1:03:49]}  Rb5 {[%clk 0:44:34]} 32. Qg4 {[%clk 1:02:49]}  Rb8 {[%clk 0:43:30]} 33. Bc4 {[%clk 1:02:40]}  Re8 {[%clk 0:43:23]} 34. Qe2 {[%clk 1:02:39]}  Ra8 {[%clk 0:43:28]} 35. h4 {[%clk 1:01:14]}  Nf8 {[%clk 0:42:42]} 36. Qe3 {[%clk 0:58:51]}  Nd7 {[%clk 0:40:01]} 37. Bd3 {[%clk 0:59:01]}  Re8 {[%clk 0:38:54]} 38. Kh2 {[%clk 0:57:25]}  Rb8 {[%clk 0:38:51]} 39. Rg1 {[%clk 0:56:26]}  Kh7 {[%clk 0:37:50]} 40. g4 {[%clk 0:56:25]}  g6 {[%clk 0:37:52]} 41. f3 {[%clk 0:55:18]}  Re8 {[%clk 0:36:01]} 42. Kh1 {[%clk 0:53:50]}  Kg7 {[%clk 0:35:49]} 43. Qf2 {[%clk 0:51:22]}  Ra8 {[%clk 0:35:16]} 44. Qg2 {[%clk 0:51:28]}  Re8 {[%clk 0:35:13]} 45. Rf2 {[%clk 0:51:33]}  g5 {[%clk 0:35:25]} 46. hxg5 {[%clk 0:50:09]}  hxg5 {[%clk 0:35:46]} 47. Qf1 {[%clk 0:50:36]}  Nf8 {[%clk 0:35:30]} 48. Bxa6 {[%clk 0:48:57]}  Ng6 {[%clk 0:35:19]} 49. Rgg2 {[%clk 0:48:10]}  Qf6 {[%clk 0:33:32]} 50. Bb5 {[%clk 0:42:55]}  Rh8+ {[%clk 0:33:18]} 51. Rh2 {[%clk 0:43:01]}  Nh4 {[%clk 0:32:27]} 52. Qd3 {[%clk 0:41:52]}  Rcc8 {[%clk 0:30:33]} 53. d6 {[%clk 0:41:40]}  Rh6 {[%clk 0:28:56]} 54. d7 {[%clk 0:41:04]}  Rch8 {[%clk 0:29:13]} 55. Kg1 {[%clk 0:36:59]}  Rd8 {[%clk 0:22:21]} 56. Kf1 {[%clk 0:37:05]}  Qe7 {[%clk 0:19:20]} 57. Rd2 {[%clk 0:35:41]}  Nxf3 {[%clk 0:20:02]} 58. Qxf3 {[%clk 0:35:28]}  Rf6 {[%clk 0:20:23]} 59. Rhf2 {[%clk 0:34:25]}  Rf5 {[%clk 0:20:16]} 60. Qf4 {[%clk 0:34:25]}  Rxf4 {[%clk 0:20:46]} 61. Rf3 {[%clk 0:34:54]} 1/2-1/2

[Event "Weekender - Expert"]
[Site "Enniscrone, Sligo, IE"]
[Date "2026.01.31"]
[Round "2"]
[White "Furstenburg, Brandon"]
[Black "Dahmen, Clemens"]
[Result "0-1"]
[Board "12"]
[WhiteFideId "14309904"]
[BlackFideId "34607005"]
[WhiteElo "1857"]
[BlackElo "1783"]
[WhiteTeam "RSA"]
[BlackTeam "GER"]
[WhiteClock "0:00:37"]
[BlackClock "0:05:14"]
[Variant "Standard"]

1. d4 {[%clk 1:30:58]}  d5 {[%clk 1:30:47]} 2. Bf4 {[%clk 1:31:26]}  Nf6 {[%clk 1:30:27]} 3. e3 {[%clk 1:31:32]}  e6 {[%clk 1:30:01]} 4. Nf3 {[%clk 1:31:57]}  c5 {[%clk 1:28:58]} 5. c3 {[%clk 1:32:12]}  Nc6 {[%clk 1:28:36]} 6. Nbd2 {[%clk 1:29:54]}  Be7 {[%clk 1:26:54]} 7. Bd3 {[%clk 1:29:51]}  Nh5 {[%clk 1:23:02]} 8. Bg3 {[%clk 1:30:09]}  Nxg3 {[%clk 1:22:35]} 9. hxg3 {[%clk 1:30:36]}  h6 {[%clk 1:22:15]} 10. Qe2 {[%clk 1:24:17]}  Qb6 {[%clk 1:18:11]} 11. Rb1 {[%clk 1:11:56]}  Bd7 {[%clk 1:15:18]} 12. O-O {[%clk 1:06:54]}  Rc8 {[%clk 1:11:27]} 13. a3 {[%clk 0:31:36]}  cxd4 {[%clk 1:04:37]} 14. exd4 {[%clk 0:31:41]}  Bf6 {[%clk 1:03:31]} 15. Ne5 {[%clk 0:31:43]}  Nxe5 {[%clk 1:00:30]} 16. dxe5 {[%clk 0:31:54]}  Be7 {[%clk 1:00:42]} 17. Qg4 {[%clk 0:11:33]}  O-O {[%clk 0:56:17]} 18. Nf3 {[%clk 0:08:48]}  Bb5 {[%clk 0:54:36]} 19. Bxb5 {[%clk 0:08:49]}  Qxb5 {[%clk 0:54:46]} 20. Nd4 {[%clk 0:09:08]}  Qd7 {[%clk 0:54:37]} 21. Rbd1 {[%clk 0:07:20]}  Qc7 {[%clk 0:50:13]} 22. Rfe1 {[%clk 0:06:39]}  Qb6 {[%clk 0:49:59]} 23. Qe2 {[%clk 0:05:04]}  Rc4 {[%clk 0:46:53]} 24. Rd2 {[%clk 0:04:28]}  Bc5 {[%clk 0:44:41]} 25. Red1 {[%clk 0:04:56]}  a5 {[%clk 0:39:20]} 26. Kh1 {[%clk 0:04:47]}  a4 {[%clk 0:38:57]} 27. f4 {[%clk 0:05:06]}  Qd8 {[%clk 0:36:23]} 28. Nf3 {[%clk 0:02:25]}  Qe8 {[%clk 0:32:08]} 29. Nd4 {[%clk 0:02:53]}  g6 {[%clk 0:30:08]} 30. g4 {[%clk 0:02:24]}  Qe7 {[%clk 0:29:29]} 31. g3 {[%clk 0:02:52]}  Kh7 {[%clk 0:20:52]} 32. Kg2 {[%clk 0:03:17]}  Rg8 {[%clk 0:16:18]} 33. Rh1 {[%clk 0:03:41]}  Bxd4 {[%clk 0:15:50]} 34. cxd4 {[%clk 0:02:39]}  g5 {[%clk 0:13:43]} 35. Qd3+ {[%clk 0:02:42]}  Kg7 {[%clk 0:13:26]} 36. f5 {[%clk 0:03:06]}  f6 {[%clk 0:12:33]} 37. Rf2 {[%clk 0:03:06]}  exf5 {[%clk 0:12:04]} 38. gxf5 {[%clk 0:03:09]}  Rf8 {[%clk 0:11:41]} 39. e6 {[%clk 0:03:34]}  Rfc8 {[%clk 0:11:25]} 40. Qf3 {[%clk 0:03:46]}  Qe8 {[%clk 0:10:25]} 41. Qxd5 {[%clk 0:03:48]}  b5 {[%clk 0:09:36]} 42. g4 {[%clk 0:01:31]}  Qe7 {[%clk 0:07:49]} 43. Qxb5 {[%clk 0:00:44]}  Rxd4 {[%clk 0:07:47]} 44. Kh3 {[%clk 0:01:11]}  Rcd8 {[%clk 0:07:26]} 45. Rg1 {[%clk 0:01:33]}  h5 {[%clk 0:07:04]} 46. gxh5 {[%clk 0:00:59]}  Rh4+ {[%clk 0:06:45]} 47. Kg2 {[%clk 0:01:00]}  Qc7 {[%clk 0:06:34]} 48. Qe2 {[%clk 0:00:53]}  Rh2+ {[%clk 0:05:31]} 49. Kf3 {[%clk 0:00:37]}  Qf4# {[%clk 0:05:14]} 0-1